Vista normal Vista MARC

Entrada Materia (personas)

Número de registros utilizados en: 1

001 - CONTROL NUMBER

  • control field: 100960

003 - CONTROL NUMBER IDENTIFIER

  • control field: Co-BoUCM

005 - DATE AND TIME OF LATEST TRANSACTION

  • control field: 20200911164722.0

008 - FIXED-LENGTH DATA ELEMENTS

  • fixed length control field: 200911|| aca||aabn | a|a d

040 ## - CATALOGING SOURCE

  • Original cataloging agency: Co-BoUCM
  • Transcribing agency: Co-BoUCM

100 ## - HEADING--PERSONAL NAME

  • Personal name: Parraga, Gabriel de

670 ## - SOURCE DATA FOUND

  • Source citation: Work cat.: (Co-BoUCM)75681: Le Tellier, Michel 1643-1719 100955, Defensa de los nuevos christianos, y missioneros de la China, Japón, y Indias ..., 1690